| 000 | 00378nam a2200157Ia 4500 | ||
|---|---|---|---|
| 001 | 37332 | ||
| 005 | 20240114001929.0 | ||
| 007 | ta | ||
| 008 | 070607s g b000 u u | ||
| 082 |
_a572.7 _bF 869 G |
||
| 100 | _aFrager, J G . | ||
| 245 | 0 |
_aGolden Bough / _cJ G Frager. _hTextual Documents |
|
| 653 | _aEnglish Literature | ||
| 942 |
_2ddc _cBK |
||
| 999 |
_c37313 _d37313 |
||